| 000 | 00398nam a22001457a 4500 | ||
|---|---|---|---|
| 020 | _a9789696640547 | ||
| 082 |
_a352.608 _bDIN |
||
| 100 | _aIqra Riaz-Ud-Din | ||
| 245 | _aPublic Administration: Issues & Perspective/ | ||
| 260 |
_aLahore: _bJWT Publication, _c2009. |
||
| 300 |
_a408 p. _c24cm |
||
| 563 | _aPB. | ||
| 650 |
_aPublic Administration - Pakistan. _9129738 |
||
| 942 |
_2ddc _cBK |
||
| 999 |
_c614288 _d614288 |
||